00779cam a2200229Ii 4500008004100000020003000041040001500071100003200086245013500118264003300253300004500286336002600331337002800357338002800385500002000413650003100433650002300464650002400487700002000511003000100531005001700532  a9783527332748 (Paperback) aNUSTcNUST1 aBuzzi-Ferraris, G.q(Guido)10aNonlinear systems and optimization for the chemical engineer :bsolving numerical problems /cGuido Buzzi-Ferraris, Flavio Manenti 1aWeinheim :bWiley-VCH,c2014 aXIX, 502 pages :billustrations ;c25 cm atextbtxt2rdacontent aunmediatedbc2rdamedia aVolumeebcr2rdacarrier aIncludes index  0aMathematical optimization. 0aNonlinear systems. 0aNumerical analysis.1 aManenti, Flavio20230123141244.0